Estadísticas básicas para la descripción de la ganadería bovina en el estado de Jalisco /
Compendio de estadísticas sobre el ganado vacuno en el estado de Jalisco en la década de 1980: las características generales de las explotaciones; la alimentación; las características del mejoramiento genético; la sanidad animal; la reproducción animal; la producción, industrialización y comercializ...
Guardat en:
| Altres autors: | |
|---|---|
| Format: | Llibre |
| Idioma: | espanyol |
| Publicat: |
Guadalajara, México :
Universidad de Guadalajara, Departamento de Investigación Científica y Superación Académica,
1986, c1986
|
| Col·lecció: | (Cuadernos de Difusión Científica ;
8) (Facultad de Agricultura ; 1) |
| Matèries: | |
| Etiquetes: |
Sense etiquetes, Sigues el primer a etiquetar aquest registre!
|
MARC
| LEADER | 00000nam^a2200000^a^4500 | ||
|---|---|---|---|
| 001 | 000118881 | ||
| 005 | 20250521000000.0 | ||
| 009 | 20260310094258.473 | ||
| 020 | |a 968-895-024-6 | ||
| 037 | |a Acervo ITESO - Biblioteca | ||
| 041 | |a ESP | ||
| 082 | |a 636. 20097235 |b EST | ||
| 245 | 1 | 0 | |a Estadísticas básicas para la descripción de la ganadería bovina en el estado de Jalisco / |c H. Moreno García... [et al.]. |
| 264 | 4 | |a Guadalajara, México : |b Universidad de Guadalajara, Departamento de Investigación Científica y Superación Académica, |c 1986, c1986 | |
| 300 | |a 85 p. | ||
| 336 | |a texto |b txt |2 rdacontenido | ||
| 337 | |a sin mediación |b n |2 rdamedio | ||
| 338 | |a volumen |b nc |2 rdasoporte | ||
| 440 | 1 | |a (Cuadernos de Difusión Científica ; |v 8) | |
| 440 | 1 | |a (Facultad de Agricultura ; |v 1) | |
| 520 | |a Compendio de estadísticas sobre el ganado vacuno en el estado de Jalisco en la década de 1980: las características generales de las explotaciones; la alimentación; las características del mejoramiento genético; la sanidad animal; la reproducción animal; la producción, industrialización y comercialización; el manejo de las explotaciones y las características de la infraestructura. | ||
| 649 | |a XX | ||
| 650 | |a Ganado Bovino - |z Jalisco - |x Estadísticas | ||
| 650 | |a Ganado Bovino - |z México - |x Estadísticas | ||
| 650 | |a Ganado - |z Jalisco - |x Estadísticas | ||
| 650 | |a Ganadería - |z México - |x Estadísticas | ||
| 650 | |a Ganadería - |z Jalisco - |x Estadísticas | ||
| 650 | |a Ganadería - |z México - |x Estadísticas | ||
| 650 | |a Industria Agropecuaria - |z Jalisco - |x Estadísticas | ||
| 650 | |a Industria Agropecuaria - |z México - |x Estadísticas | ||
| 650 | |a Economía - |z Jalisco - |x Estadísticas | ||
| 650 | |a Economía - |z Jalisco - |x Historia - |y 1982-1988 | ||
| 650 | |a Economía - |z Jalisco - |x Historia - |y Siglo XX | ||
| 650 | |a Economía - |z México - |x Estadísticas | ||
| 650 | |a Economía - |z México - |x Historia - |y 1982-1988 | ||
| 650 | |a Economía - |z México - |x Historia - |y Siglo XX | ||
| 650 | |a Jalisco - |x Condiciones Económicas | ||
| 650 | |a México - |x Condiciones Económicas | ||
| 700 | |a Moreno García, Hugo |e (autor) | ||
| 910 | |a Fondo General | ||
| 920 | |a Impresos - Libros | ||
| 930 | |a Colección General | ||
| 905 | |a 101 | ||
| 901 | |a 0500053720 |b IT1 |c ACC |u 20250521 | ||
| 902 | |a https://opac.biblio.iteso.mx/vufind/Record/000118881 | ||